000
00205 a2200097 4500
020
_a
9788434816770
041
_a
spa
100
_a
Nostlinger, Christine
245
_a
Querida susi, querido paul
942
_c
BK
999
_c
29813
_d
29811